000
00279nam a2200109Ia 4500
008
180205s9999 xx 000 0 und d
020
_a
773040838
100
_a
Findlay, Michael
245
_a
Pet guides cats /
260
_a
USA
_b
Copp clark pitman Ltd.
_c
1984
300
_a
31, pages
999
_c
354748
_d
354748